Biblioteca

La guerra espiritual : (Registro nro. 51256)

Detalles MARC
000 -LÍDER
Campo fijo de descripción fija 01625cas a22002054i 4500
001 - NÚMERO DE CONTROL
Campo de control 768714001
003 - IDENTIFICADOR DEL NÚMERO DE CONTROL
Campo de control CO-MdFUSB
005 - FECHA Y HORA DE LA ULTIMA TRANSACCIÓN
control field 20230404144539.0
008 - ELEMENTOS DE LONGITUD FIJA -- INFORMACIÓN GENERAL
Campo fijo de descripción fija -- Información general 180706s2002 gt ||||| |||| 00| 0 spa d
022 ## - NÚMERO INTERNACIONAL NORMALIZADO PARA PUBLICACIONES SERIADAS
Número Internacional Normalizado para Publicaciones Seriadas 1014-9341
040 ## - FUENTE DE CATALOGACIÓN
Agencia Catalogadora CO-MdFUSB
Idioma de catalogación spa
Agencia que realiza la transcripción CO-MdFUSB
Agencia que realiza la modificación CO-MdFUSB
041 ## - CÓDIGO DE IDIOMA
Código de idioma para texto/pista de sonido o título separado spa
100 1# - ASIENTO PRINCIPAL--NOMBRE PERSONAL
Nombre personal Voth, Esteban
Término relacionador autor
245 13 - TÍTULO
Título La guerra espiritual :
Subtitulo ¿realidad o ciencia-ficción?
Mención de responsabilidad / Dr. Esteban Voth
300 ## - DESCRIPCIÓN FÍSICA
Extensión Número 30 (Enero - Junio, 2002), páginas 7-32
Dimensiones : 22 cm
520 ## - NOTA DE RESUMEN, ETC.
Nota de sumario, etc. La cosmovisión latinoamericana, que refleja tanto el concepto integral de la creación plasmado en la Biblia como el dualismo de la cosmovisión occidental, incide en nuestra comprensión de la guerra espiritual. El movimiento de la "guerra espiritual estratégica" promueve un ataque agresivo contra espíritus territoriales mediante la "oración de guerra". Una exégesis de textos bíblicos clave indica que hay seres espirituales que libran un conflicto cósmico contra Dios y su creación, pero que nuestra participación en ese conflicto no consiste en atacar directamente a esos seres malignos, sino en clamar a Dios y serle leal. Una teología de la guerra espiritual debe retener la paradoja de un satanás activo pero derrotado. Debemos evitar tanto la creación de doctrinas sin fundamento exegético como un retorno al animismo. Nuestra oración de guerra debe ser "hágase tu voluntad", y nuestra guerra se debe dar en términos d un testimonio ético.
650 #7 - ASIENTO SECUNDARIO DE MATERIA - TERMINO TEMÁTICO
Término temático o nombre geográfico como elemento de entrada Guerra espiritual
9 (RLIN) 2268
773 0# - ASIENTO DE ITEM FUENTE
Título Kairós
Biblionumber 49489
Itemnumber 61193
Parte(s) relacionada(s) / Volumen., número. (mes año), páginas Número 30 (Enero - Junio, 2002), páginas 7-32
Enumeración y primera página Página 7
942 ## - TIPO DE MATERIAL (KOHA)
Tipo de Item KOHA Artículos de Revista

No hay ítems disponibles.

Biblioteca FUSBC | Teléfono: (57+4) 349 88 10 Ext. 141| WhatsApp (+57) 3005338115 
E-mail: biblioteca@unisbc.edu.co | Calle 76 87-14 Robledo Palenque, Medellín, Colombia

Con tecnología Koha